Least Guessed U.S. Counties - Statistics

General Stats
  • This quiz has been taken 5 times
  • The average score is 34 of 103
Answer Stats
State County % Correct
Missouri Dunklin
100%
Missouri Gasconade
100%
Missouri Laclede
100%
Missouri Maries
100%
Missouri Moniteau
100%
Missouri Nodaway
100%
Michigan Ogemaw
100%
Missouri Pemiscot
100%
Missouri Pettis
100%
Tennessee Trousdale
100%
Tennessee Weakley
100%
Mississippi Yalobusha
100%
North Dakota Bottineau
67%
Missouri Chariton
67%
Tennessee Fentress
67%
Tennessee Hamblen
67%
North Dakota Hettinger
67%
North Dakota LaMoure
67%
Michigan Mecosta
67%
Mississippi Neshoba
67%
Nebraska Nuckolls
67%
Tennessee Sequatchie
67%
Mississippi Tunica
67%
Missouri Audrain
33%
Tennessee Bledsoe
33%
Missouri Bollinger
33%
North Carolina Caswell
33%
North Carolina Chowan
33%
Mississippi Copiah
33%
Kentucky Estill
33%
Nebraska Furnas
33%
Oklahoma Garvin
33%
Missouri Gentry
33%
Nebraska Gosper
33%
Tennessee Grainger
33%
North Carolina Harnett
33%
Kansas Hodgeman
33%
North Dakota Kidder
33%
Wisconsin Langlade
33%
Kentucky LaRue
33%
Kentucky Magoffin
33%
Tennessee Maury
33%
South Dakota Mellette
33%
Michigan Missaukee
33%
North Dakota Mountrail
33%
Kentucky Muhlenberg
33%
Oklahoma Nowata
33%
Tennessee Obion
33%
Oklahoma Okfuskee
33%
Michigan Oscoda
33%
Tennessee Overton
33%
North Carolina Pasquotank
33%
North Carolina Perquimans
33%
West Virginia Pleasants
33%
Oklahoma Pushmataha
33%
South Carolina Saluda
33%
South Dakota Sanborn
33%
North Dakota Sargent
33%
South Dakota Spink
33%
Missouri Stoddard
33%
North Dakota Stutsman
33%
Georgia Treutlen
33%
Kentucky Trimble
33%
Tennessee Unicoi
33%
Minnesota Waseca
33%
Oklahoma Washita
33%
Minnesota Watonwan
33%
Kentucky Bracken
0%
Kentucky Breathitt
0%
Mississippi Coahoma
0%
West Virginia Doddridge
0%
Kentucky Edmonson
0%
North Dakota Emmons
0%
Mississippi Itawamba
0%
Minnesota Kanabec
0%
Minnesota Kandiyohi
0%
Wisconsin Kewaunee
0%
North Carolina Lenoir
0%
Kentucky Letcher
0%
Virginia Lunenburg
0%
Kentucky McCreary
0%
Tennessee McMinn
0%
Tennessee McNairy
0%
Kentucky Menifee
0%
Kentucky Metcalfe
0%
Virginia Nottoway
0%
Mississippi Noxubee
0%
Wisconsin Oconto
0%
Mississippi Oktibbeha
0%
Kentucky Owsley
0%
Missouri Ralls
0%
Tennessee Rhea
0%
West Virginia Ritchie
0%
Mississippi Sharkey
0%
Wisconsin Shawano
0%
North Dakota Traill
0%
Kansas Wabaunsee
0%
Minnesota Wadena
0%
Oklahoma Wagoner
0%
Mississippi Walthall
0%
Wisconsin Waupaca
0%
Wisconsin Waushara
0%
West Virginia Wetzel
0%
No matching quizzes found
Score Distribution
Percent of People with Each Score
Percentile by Number Answered
Your Score History
You have not taken this quiz